বঙ্গবন্ধু ও ভাষা আন্দোলন / (Record no. 26023)

MARC details
000 -LEADER
fixed length control field 01124nam a22001937a 4500
003 - CONTROL NUMBER IDENTIFIER
control field BDDh-ASL
005 - DATE AND TIME OF LATEST TRANSACTION
control field 20231015030604.0
008 - FIXED-LENGTH DATA ELEMENTS--GENERAL INFORMATION
fixed length control field 210923s2019 b ||||| |||| 00| 0 b d
040 ## - CATALOGING SOURCE
Original cataloging agency BDDh-ASL
Transcribing agency BDDh-ASL
082 ## - DEWEY DECIMAL CLASSIFICATION NUMBER
Classification number 923.5492
Item number NEB
100 1# - MAIN ENTRY--PERSONAL NAME
9 (RLIN) 4544
Personal name নিউটন, জুলফিকার
245 10 - TITLE STATEMENT
Title বঙ্গবন্ধু ও ভাষা আন্দোলন /
246 ## - VARYING FORM OF TITLE
Title proper/short title Bangabandhu O Bhasha Andolon by Zulfikar Newton
260 ## - PUBLICATION, DISTRIBUTION, ETC.
Place of publication, distribution, etc. ঢাকা:
Name of publisher, distributor, etc. মনন প্রকাশ,
Date of publication, distribution, etc. 2019.
300 ## - PHYSICAL DESCRIPTION
Extent 464 p. :
Dimensions 22 cm.
650 #0 - SUBJECT ADDED ENTRY--TOPICAL TERM
9 (RLIN) 4442
Topical term or geographic name entry element বঙ্গবন্ধু (Bangabandhu) শেখ মুজিবুর রহমান (Sheikh Mujibur Rahman)
General subdivision মুক্তিযুদ্ধ (Muktijuddha) Liberation War
Geographic subdivision বাংলাদেশ (Bangladesh)
650 #0 - SUBJECT ADDED ENTRY--TOPICAL TERM
Topical term or geographic name entry element Bhasha Andolon (Vasa Andolon) ভাষা আন্দোলন, Language Movement, ভাষা আন্দোলনের ইতিহাস, History of Language Movement, Rastrabhasha, রাষ্ট্রভাষা, বায়ান্নর ভাষা আন্দোলন
Chronological subdivision 1952
9 (RLIN) 4540
942 ## - ADDED ENTRY ELEMENTS (KOHA)
Source of classification or shelving scheme Dewey Decimal Classification
Koha item type Books
Holdings
Withdrawn status Lost status Source of classification or shelving scheme Damaged status Not for loan Collection code Home library Current library Shelving location Date acquired Source of acquisition Total Checkouts Full call number Barcode Date last seen Copy number Price effective from Koha item type
    Dewey Decimal Classification     Non-fiction Asiatic Society Library Asiatic Society Library Bangabondhu Collection 09/23/2021 ASB Library Collection   923.5492 NEB 111954 09/23/2021 C-1 09/23/2021 Books

Powered by Koha